Electrical maintenance and repair / (Record no. 16552)
[ view plain ]
| 000 -LEADER | |
|---|---|
| fixed length control field | 00630nam a2200205 4500 |
| 008 - FIXED-LENGTH DATA ELEMENTS--GENERAL INFORMATION | |
| fixed length control field | 240209b |||||||| |||| 00| 0 eng d |
| 016 ## - NATIONAL BIBLIOGRAPHIC AGENCY CONTROL NUMBER | |
| Source | retro2021 |
| 020 ## - INTERNATIONAL STANDARD BOOK NUMBER | |
| ISBN | 978028486 |
| 040 ## - CATALOGING SOURCE | |
| Original cataloging agency | NLN |
| Language of cataloging | Eng |
| 100 ## - MAIN ENTRY--AUTHOR | |
| Author | ODUNSI, Johnson A. |
| Relator term | aut |
| 245 ## - TITLE STATEMENT | |
| Title | Electrical maintenance and repair / |
| Statement of responsibility, etc | Johnson A. Odunsi |
| 260 ## - PUBLICATION, DISTRIBUTION, ETC. (IMPRINT) | |
| Place of publication | Somolu, Lagos state ( 5, Farty street ) : |
| Name of publisher | Ayenbros Ent, |
| Date of publication | 1998 |
| 300 ## - COLLATION | |
| Pagination | 140p. ill. |
| Other physical details | ; 20cm |
| 563 ## - BINDING INFORMATION | |
| Binding note | (pbk) |
| 650 ## - TRACINGS | |
| Main Subject | Electric Engineering |
| Subdivision (1st) | Safety Measure |
| 650 ## - TRACINGS | |
| Main Subject | Electrical Engineering |
| Subdivision (1st) | Materials |
| 942 ## - ADDED ENTRY ELEMENTS (KOHA) | |
| Item type | Books |
| 050 ## - LIBRARY OF CONGRESS CALL NUMBER | |
| Classification number | TK453 |
| Item number | .O27 |
| 082 ## - DEWEY DECIMAL CLASSIFICATION NUMBER | |
| Classification number | 621.3 |
| Source of classification or shelving scheme | Not for loan | Home library | Current library | Date acquired | Full call number | Barcode. | Koha item type |
|---|---|---|---|---|---|---|---|
| Library of Congress Classification | IBADAN BRANCH LIBRARY | National Library of Nigeria | 09/02/2024 | TL152.6.C559 | 2024-555552416855164 | Books |
